Malayala cherukathayile penperuma/ (Record no. 181903)

000 -LEADER
fixed length control field 00575nam a2200205 4500
020 ## - INTERNATIONAL STANDARD BOOK NUMBER
ISBN 9788195861972
082 ## - DEWEY DECIMAL CLASSIFICATION NUMBER
Classification number M301 07
Item number JIT/M
100 ## - MAIN ENTRY--AUTHOR NAME
Personal name Jitha T H
245 ## - TITLE STATEMENT
Title Malayala cherukathayile penperuma/
Statement of responsibility, etc by Jitha T H
260 ## - PUBLICATION, DISTRIBUTION, ETC. (IMPRINT)
Place of publication Shukapuram:
Name of publisher Vallathol Vidyapeetham,
Year of publication 2023.
300 ## - PHYSICAL DESCRIPTION
Number of Pages 245p.
650 ## - SUBJECT ADDED ENTRY--TOPICAL TERM
Topical Term Stories Sara Joseph Study
650 ## - SUBJECT ADDED ENTRY--TOPICAL TERM
Topical Term Stories Gracy Study
650 ## - SUBJECT ADDED ENTRY--TOPICAL TERM
Topical Term Stories Chandramathy Study
650 ## - SUBJECT ADDED ENTRY--TOPICAL TERM
Topical Term Stories Priya A S Study
650 ## - SUBJECT ADDED ENTRY--TOPICAL TERM
Topical Term Stories Malayalam Study
650 ## - SUBJECT ADDED ENTRY--TOPICAL TERM
Topical Term Literature Malayalam
650 ## - SUBJECT ADDED ENTRY--TOPICAL TERM
Topical Term Literature
942 ## - ADDED ENTRY ELEMENTS (KOHA)
Koha item type Book
Holdings
Withdrawn status Lost status Damaged status Not for loan Permanent Location Current Location Shelving location Date acquired Cost, normal purchase price Full call number Accession Number Price effective from Koha item type
        Sree Sankaracharya University of Sanskrit Sree Sankaracharya University of Sanskrit Stacks 01.06.2026 300.00 M301 07 JIT/M 109027 01.06.2026 Book
        Sree Sankaracharya University of Sanskrit Sree Sankaracharya University of Sanskrit Stacks 04.06.2026 300.00 M301 07 JIT/M 109138 04.06.2026 Book